| 000 | 00576nam a22001817a 4500 | ||
|---|---|---|---|
| 005 | 20141111134651.0 | ||
| 008 | 141111b xxu||||| |||| 00| 0 eng d | ||
| 020 | _a9780071310871 | ||
| 050 |
_aHF 5657.4 _b.B758 2013 |
||
| 100 | _aBrewer, Peter C. | ||
| 245 |
_aIntroduction to managerial accounting / _cPeter C. Brewer, Ray H. Garrison, Eric W. Noreen. |
||
| 250 | _bGlobal ed. | ||
| 260 |
_aBoston : _bMcGraw-Hill/Irwin, _cc2013. |
||
| 300 |
_a635 pages : _billustrations ; _c26 cm. |
||
| 521 | _aAccountancy | ||
| 650 | _aManagerial accounting. | ||
| 942 |
_2lcc _cBK _kFOR |
||
| 999 |
_c276782 _d276782 |
||